[Event "Fast Kings Gambit"]
[Site "SchemingMind.com"]
[Date "2018.10.09"]
[Round "-"]
[White "jolasebabes"]
[Black "willyboy"]
[Result "1/2-1/2"]
[WhiteCountry "POR"]
[BlackCountry "AUT"]
[WhiteElo "2146"]
[WhiteRD "70"]
[BlackElo "2012"]
[BlackRD "80"]
[GameID "433479"]

1. e4 e5 2. f4 exf4 3. Nf3 d5 4. exd5 Nf6 5. Bb5+ c6 6. dxc6 bxc6 7. Bc4 Qe7+ 8. Qe2 Qxe2+ 9. Bxe2 Bd6 10. b3 O-O
11. Bb2 Nbd7 12. O-O Re8 13. Nc3 Ne5 14. Rae1 Bf5 15. Nd4 Bg6 16. Bd1 Rab8 17. Rxe5 Bxe5 18. Nxc6 Bxc3 19. Bxc3 Rb6 20. Nxa7 Ne4
21. a4 Nxc3 22. dxc3 Rd6 23. Nb5 Rd2 24. Nd4 Re3 25. Nf3 Rd8 26. Nd4=
1/2-1/2

[Event "Fast Kings Gambit"]
[Site "SchemingMind.com"]
[Date "2018.10.09"]
[Round "-"]
[White "willyboy"]
[Black "jolasebabes"]
[Result "0-1"]
[WhiteCountry "AUT"]
[BlackCountry "POR"]
[WhiteElo "2189"]
[WhiteRD "67"]
[BlackElo "2179"]
[BlackRD "71"]
[GameID "433480"]

1. e4 e5 2. f4 Bc5 3. Nc3 Nc6 4. Nf3 d6 5. fxe5 Bg4 6. Bb5 dxe5 7. Bxc6+ bxc6 8. h3 Be6 9. Qe2 f6 10. b3 Ne7
11. Na4 Bd6 12. O-O O-O 13. d3 Ng6 14. Qf2 Qe7 15. Bd2 Nf4 16. Bxf4 exf4 17. d4 g5 18. c4 Qg7 19. Rae1 Rfe8 20. Re2 Rad8
21. c5 Bf8 22. Nc3 Bc8 23. Rd2 Ba6 24. Rfd1 h5 25. Ne1 Bc8 26. Nc2 Qg6 27. Nb4 Bb7 28. Nd3 Bg7 29. h4 Bh6 30. hxg5 fxg5
31. Ne5 Qf6 32. b4 g4 33. a4 a6 34. Nc4 Bg5 35. Rd3 Bh4 36. Qd2 Bg5 37. Qa2= Kh7 38. Ne5 Rf8 39. Qc2 Bh6 40. Qf2 Qg5
41. Qd2 Qh4 42. Qe1 Qe7 43. Nc4 f3 44. Qf2 Qg5
0-1

[Event "Fast Kings Gambit"]
[Site "SchemingMind.com"]
[Date "2018.10.20"]
[Round "-"]
[White "flyinduck"]
[Black "jolasebabes"]
[Result "0-1"]
[WhiteCountry "CAN"]
[BlackCountry "POR"]
[WhiteElo "1985"]
[WhiteRD "56"]
[BlackElo "2179"]
[BlackRD "71"]
[GameID "433776"]

1. e4 e5 2. f4 Bc5 3. Nf3 d6 4. Nc3 Nf6 5. Bc4 Nc6 6. d3 a6 7. Nd5 Nxd5 8. Bxd5 exf4 9. Bxf4 Qf6 10. Qc1 Nb4
11. Bg5 Qg6 12. d4 Ba7 13. O-O Nxd5 14. exd5 O-O 15. c3 f6 16. Bh4 Qe4 17. c4 Bg4 18. Re1 Qg6 19. Qf4 Bxf3 20. Qxf3 Bxd4+
21. Kh1 Rae8 22. Qb3 f5 23. Rad1 Rxe1+ 24. Bxe1 Re8 25. Qd3 Bxb2 26. Bf2 f4 27. Qxg6 hxg6 28. Rd2 Bc3 29. Rc2 Bf6 30. h4 g5
31. hxg5 Bxg5 32. c5 dxc5 33. Rxc5 Re2 34. Rxc7 Rxf2
0-1

[Event "Fast Kings Gambit"]
[Site "SchemingMind.com"]
[Date "2018.10.21"]
[Round "-"]
[White "jolasebabes"]
[Black "flyinduck"]
[Result "1-0"]
[WhiteCountry "POR"]
[BlackCountry "CAN"]
[WhiteElo "2185"]
[WhiteRD "69"]
[BlackElo "1993"]
[BlackRD "51"]
[GameID "433777"]

1. e4 e5 2. f4 Nc6 3. Nf3 f5 4. d3 d6 5. g3 fxe4 6. dxe4 Bg4 7. h3 Bxf3 8. Qxf3 exf4 9. Bxf4 Be7 10. Nc3 Nf6
11. Bc4 Qd7 12. O-O-O Na5 13. Bb5 c6 14. e5 cxb5 15. exf6 Bxf6 16. Rxd6 Qf7 17. Re1+ Kf8 18. Nd5 Re8 19. Rxe8+ Kxe8 20. Qg4
1-0

[Event "Fast Kings Gambit"]
[Site "SchemingMind.com"]
[Date "2018.10.21"]
[Round "-"]
[White "flyinduck"]
[Black "willyboy"]
[Result "0-1"]
[WhiteCountry "CAN"]
[BlackCountry "AUT"]
[WhiteElo "1993"]
[WhiteRD "51"]
[BlackElo "2129"]
[BlackRD "62"]
[GameID "433778"]

1. e4 e5 2. f4 exf4 3. Nf3 g5 4. Nc3 Nc6 5. g3 g4 6. Nh4 f3 7. d4 d6 8. Be3 Nf6 9. Qd2 Be7 10. O-O-O d5
11. exd5 Nxd5 12. Nxd5 Qxd5 13. c4 Qa5 14. Qxa5 Nxa5 15. Bd3 Bd7 16. Rhe1 O-O-O 17. d5 Rhe8 18. Nf5 Bb4 19. Bd2 Bxd2+ 20. Kxd2 Nxc4+
21. Kc3 Nb6 22. d6 Na4+ 23. Kc2 Rxe1 24. Rxe1 Be6 25. dxc7 Kxc7 26. Ng7 Bxa2 27. Bf5 Bc4
0-1

[Event "Fast Kings Gambit"]
[Site "SchemingMind.com"]
[Date "2018.10.21"]
[Round "-"]
[White "willyboy"]
[Black "flyinduck"]
[Result "1-0"]
[WhiteCountry "AUT"]
[BlackCountry "CAN"]
[WhiteElo "2129"]
[WhiteRD "62"]
[BlackElo "1993"]
[BlackRD "51"]
[GameID "433779"]

1. e4 e5 2. f4 Nc6 3. Nf3 f5 4. exf5 e4 5. Ne5 Nf6 6. Nc3 d6 7. Nxc6 bxc6 8. g4 d5 9. g5 Bxf5 10. gxf6 Qxf6
11. Qh5+ Bg6 12. Qg5 Qxg5 13. fxg5 Bc5 14. Na4 Bd6 15. Be2 O-O 16. b3 Rad8 17. Bb2 Rf5 18. O-O-O Rxg5 19. h4 Rg2 20. Bf1 Rf2
21. Bd4 Rf3 22. Be2 Rf4 23. h5 Bf5 24. Rdg1 Rd7 25. Bxa7 c5 26. Bxc5
1-0

[Event "Fast Kings Gambit"]
[Site "SchemingMind.com"]
[Date "2018.11.24"]
[Round "-"]
[White "ray winteringham"]
[Black "flyinduck"]
[Result "0-1"]
[WhiteCountry "ENG"]
[BlackCountry "CAN"]
[WhiteElo "1463"]
[WhiteRD "51"]
[BlackElo "2000"]
[BlackRD "55"]
[GameID "434974"]

1. e4 e5 2. f4 exf4 3. d4 Qh4+ 4. Ke2 g5 5. Nf3 Qh5 6. Kd2 Nf6 7. Bd3 d5 8. exd5 Nxd5 9. c3 Be6 10. Kc2 Nc6
11. Bd2 O-O-O 12. Be2 g4 13. Ne5 Nxe5 14. dxe5 Ne3+
0-1

[Event "Fast Kings Gambit"]
[Site "SchemingMind.com"]
[Date "2018.11.23"]
[Round "-"]
[White "flyinduck"]
[Black "ray winteringham"]
[Result "1-0"]
[WhiteCountry "CAN"]
[BlackCountry "ENG"]
[WhiteElo "2000"]
[WhiteRD "55"]
[BlackElo "1463"]
[BlackRD "51"]
[GameID "434975"]

1. e4 e5 2. f4 exf4 3. Nf3 g5 4. Nc3 Bg7 5. g3 fxg3 6. hxg3 d6 7. d4 f6 8. Nxg5 fxg5 9. Qh5+ Kd7 10. Bh3+ Kc6
11. Bxg5 Bf6 12. Bxf6 Nxf6 13. Qb5#
1-0

[Event "Fast Kings Gambit"]
[Site "SchemingMind.com"]
[Date "2018.11.24"]
[Round "-"]
[White "ray winteringham"]
[Black "jolasebabes"]
[Result "0-1"]
[WhiteCountry "ENG"]
[BlackCountry "POR"]
[WhiteElo "1463"]
[WhiteRD "51"]
[BlackElo "2141"]
[BlackRD "70"]
[GameID "434976"]

1. e4 e5 2. f4 Bc5 3. d3 d6 4. f5 Nc6 5. Nf3 d5 6. Be2 Nf6 7. Bg5 dxe4 8. dxe4 Qxd1+ 9. Bxd1 Nxe4 10. Be2 f6
11. Bh4 Bxf5 12. Bd3 O-O-O 13. Bxe4 Bxe4 14. Nbd2 Bg6 15. O-O-O e4 16. Ne1 Bh5 17. Nxe4 Be3+ 18. Nd2 Bxd1 19. Nd3 Be2 20. Re1 Bxd2+
21. Kxd2 Bxd3 22. cxd3 Ne5 23. Re3 Nc4+
0-1

[Event "Fast Kings Gambit"]
[Site "SchemingMind.com"]
[Date "2018.11.24"]
[Round "-"]
[White "jolasebabes"]
[Black "ray winteringham"]
[Result "1-0"]
[WhiteCountry "POR"]
[BlackCountry "ENG"]
[WhiteElo "2141"]
[WhiteRD "70"]
[BlackElo "1463"]
[BlackRD "51"]
[GameID "434977"]

1. e4 e5 2. f4 f6 3. fxe5 fxe5 4. Qh5+ g6 5. Qxe5+ Qe7 6. Qxh8 Nf6 7. d3 d6 8. Bh6 Nbd7 9. Nc3 Ne5 10. Nb5 a6
11. Nxc7+ Kd7 12. Bxf8 Qf7 13. Nxa8 Kc6 14. Bg7 Be6 15. Bxf6
1-0

[Event "Fast Kings Gambit"]
[Site "SchemingMind.com"]
[Date "2018.11.23"]
[Round "-"]
[White "ray winteringham"]
[Black "willyboy"]
[Result "0-1"]
[WhiteCountry "ENG"]
[BlackCountry "AUT"]
[WhiteElo "1463"]
[WhiteRD "51"]
[BlackElo "2179"]
[BlackRD "64"]
[GameID "434978"]

1. e4 e5 2. f4 exf4 3. Nf3 g5 4. h4 g4 5. Nd4 d5 6. exd5 Bg7 7. b3 Bxd4 8. Nc3 Ne7 9. Bb2 O-O 10. d3 Nxd5
11. Qd2 Re8+ 12. Be2 Ne3 13. Bf1 Nc4+ 14. Be2 Nxd2 15. Kxd2 Be3+ 16. Kd1 Nc6 17. Ne4 Rxe4 18. Ke1 Re8 19. Bc1 Qd4 20. Rb1 Bxc1
21. Rxc1 Qe3
0-1

[Event "Fast Kings Gambit"]
[Site "SchemingMind.com"]
[Date "2018.11.23"]
[Round "-"]
[White "willyboy"]
[Black "ray winteringham"]
[Result "1-0"]
[WhiteCountry "AUT"]
[BlackCountry "ENG"]
[WhiteElo "2129"]
[WhiteRD "62"]
[BlackElo "1495"]
[BlackRD "54"]
[GameID "434979"]

1. e4 e5 2. f4 f6 3. fxe5 Nc6 4. Bb5 Nxe5 5. d4 Nc6 6. Nc3 Bb4 7. Ne2 a6 8. Bc4 d6 9. Nf4 Qe7 10. O-O Bd7
11. Ncd5 Qd8 12. Qh5+ g6 13. Nxg6
1-0

[Event "Fast Kings Gambit"]
[Site "SchemingMind.com"]
[Date "2018.11.26"]
[Round "-"]
[White "Phillip Beckett"]
[Black "ray winteringham"]
[Result "1-0"]
[WhiteCountry "ENG"]
[BlackCountry "ENG"]
[WhiteElo "1514"]
[WhiteRD "53"]
[BlackElo "1463"]
[BlackRD "51"]
[GameID "435114"]

1. e4 e5 2. f4 d6 3. Nf3 a6 4. Bc4 b5 5. Bb3 Bb7 6. d3 Be7 7. O-O Nd7 8. fxe5 dxe5 9. c3 Nc5 10. Bxf7+ Kxf7
11. Nxe5+ Ke8 12. Qh5+ g6 13. Nxg6 Nf6 14. Rxf6 Kd7 15. Ne5+ Kc8 16. Qf5+ Kb8 17. Nd7+ Nxd7 18. Rf7 Nf6 19. Bf4 b4 20. Bg5 Qxd3
21. Nd2 bxc3 22. bxc3 Qxc3 23. Rb1 Bc5+ 24. Kh1 Bd4 25. Rxc7 Kxc7 26. Bf4+ Be5 27. Bxe5+ Qxe5 28. Qxe5+ Kd7 29. Rxb7+
1-0

[Event "Fast Kings Gambit"]
[Site "SchemingMind.com"]
[Date "2018.11.26"]
[Round "-"]
[White "ray winteringham"]
[Black "Phillip Beckett"]
[Result "1-0"]
[WhiteCountry "ENG"]
[BlackCountry "ENG"]
[WhiteElo "1463"]
[WhiteRD "51"]
[BlackElo "1514"]
[BlackRD "53"]
[GameID "435115"]

1. e4 e5 2. f4 Qh4+ 3. g3 Qe7 4. d3 exf4 5. Bxf4 d5 6. Qe2 dxe4 7. dxe4 Nf6 8. Bg2 Qb4+ 9. Bd2 Qb6 10. Bc3 Bc5
11. Bxf6 gxf6 12. b3 Bxg1 13. Nd2 Bd4 14. O-O-O Qa5 15. Nc4 Qc3 16. Rd3 Qa1+ 17. Kd2 Qxa2 18. Rxd4 Nc6 19. Rd3 Qa6 20. e5 Nxe5
21. Nxe5 fxe5 22. Qxe5+ Be6 23. Qxh8+ Ke7 24. Qxa8 Qa5+ 25. Ke2 Bg4+ 26. Bf3 Bxf3+ 27. Kxf3 Qf5+ 28. Ke2 Qg4+ 29. Kd2 Qg5+ 30. Kc3 Qa5+
31. Kb2 Qe5+ 32. Rc3
1-0

[Event "Fast Kings Gambit"]
[Site "SchemingMind.com"]
[Date "2018.11.27"]
[Round "-"]
[White "Phillip Beckett"]
[Black "flyinduck"]
[Result "0-1"]
[WhiteCountry "ENG"]
[BlackCountry "CAN"]
[WhiteElo "1514"]
[WhiteRD "53"]
[BlackElo "2000"]
[BlackRD "55"]
[GameID "435116"]

1. e4 e5 2. f4 exf4 3. Nf3 g5 4. Bc4 Nc6 5. O-O d6 6. d4 Bg7 7. c3 h6 8. Qb3 Qe7 9. Nbd2 Nf6 10. e5 dxe5
11. Nxe5 Nxe5 12. dxe5 Ng4 13. Nf3 O-O 14. h3 Qc5+ 15. Kh1 Nf2+ 16. Kh2 g4 17. hxg4 Nxg4+ 18. Kh1 Nf2+= 19. Rxf2 Qxf2 20. Bxf4 Bg4
21. Bxf7+ Rxf7 22. e6 Rxf4 23. e7+ Kh7 24. Re1 Bxf3 25. gxf3 Rh4#
0-1

[Event "Fast Kings Gambit"]
[Site "SchemingMind.com"]
[Date "2018.11.27"]
[Round "-"]
[White "flyinduck"]
[Black "Phillip Beckett"]
[Result "1-0"]
[WhiteCountry "CAN"]
[BlackCountry "ENG"]
[WhiteElo "1985"]
[WhiteRD "56"]
[BlackElo "1518"]
[BlackRD "49"]
[GameID "435117"]

1. e4 e5 2. f4 Qh4+ 3. g3 Qe7 4. d3 exf4 5. Bxf4 d5 6. Bg2 dxe4 7. dxe4 c6 8. Nc3 Nf6 9. Qe2 Bg4 10. Nf3 Nbd7
11. O-O-O O-O-O 12. h3 Bxf3 13. Bxf3 Ne5 14. Bg2 Rxd1+ 15. Rxd1 Ng6 16. e5 Nd5 17. Nxd5 cxd5 18. Bxd5 Nxf4 19. gxf4 Qb4 20. Qc4+ Qxc4
21. Bxc4 Bc5 22. Re1 Rf8 23. f5 f6 24. e6 Be7 25. Rg1 g5 26. fxg6 hxg6 27. Rxg6 Rh8 28. Be2 Rxh3 29. Rg7 Kd8 30. c3 Rh1+
31. Kc2 Rh2 32. Kd3 Rh3+ 33. Ke4 Rh4+ 34. Kf5 Rh8 35. Kg6 Rh2 36. Kf7 Rxe2 37. Rg8+ Kc7 38. Kxe7 f5 39. Kf7 f4 40. e7 f3
41. e8=Q Rxe8 42. Kxe8
1-0

[Event "Fast Kings Gambit"]
[Site "SchemingMind.com"]
[Date "2018.11.26"]
[Round "-"]
[White "Phillip Beckett"]
[Black "jolasebabes"]
[Result "0-1"]
[WhiteCountry "ENG"]
[BlackCountry "POR"]
[WhiteElo "1514"]
[WhiteRD "53"]
[BlackElo "2141"]
[BlackRD "70"]
[GameID "435118"]

1. e4 e5 2. f4 Bc5 3. Nf3 d6 4. c3 Bb6 5. d4 exd4 6. cxd4 Bg4 7. Bc4 Nc6 8. Be3 Nf6 9. O-O O-O 10. Nbd2 Nxd4
11. Bxd4 Bxd4+ 12. Kh1 d5 13. Bxd5 Nxd5 14. exd5 Qxd5 15. Qb3 Qxb3 16. Nxb3 Bxb2 17. Rab1 Ba3 18. Ne5 Bf5 19. h3 Bxb1 20. Rxb1 Rad8
0-1

[Event "Fast Kings Gambit"]
[Site "SchemingMind.com"]
[Date "2018.11.26"]
[Round "-"]
[White "jolasebabes"]
[Black "Phillip Beckett"]
[Result "1-0"]
[WhiteCountry "POR"]
[BlackCountry "ENG"]
[WhiteElo "2179"]
[WhiteRD "71"]
[BlackElo "1518"]
[BlackRD "49"]
[GameID "435119"]

1. e4 e5 2. f4 Qh4+ 3. g3 Qe7 4. Nc3 exf4 5. d4 fxg3 6. Qf3 c6 7. hxg3 d5 8. Nge2 dxe4 9. Nxe4 Nf6 10. Bg2 Qxe4
11. Qxe4+ Nxe4 12. Bxe4 Bg4 13. Bf4 Bxe2 14. Kxe2 Nd7 15. Rae1 O-O-O 16. c3 g6 17. Kd2 Bg7 18. Rhf1 Nf6 19. Bd3 Rhe8 20. Bg5 Rxe1
21. Rxe1 Re8 22. Rf1 Re6 23. Bc4 Rd6 24. Bxf7 Nh5 25. g4 Bf6 26. Bxf6 Rxf6 27. Rxf6 Nxf6 28. Kd3 Nxg4 29. Be6+ Kd8 30. Bxg4 Ke7
31. Ke4 Kf6 32. Bc8 b6 33. Bb7 c5 34. dxc5 bxc5 35. Kf4 h5 36. Be4 g5+ 37. Kg3 Ke5 38. Bg6 h4+ 39. Kg4 Kf6 40. Bd3 a5
41. a4
1-0

[Event "Fast Kings Gambit"]
[Site "SchemingMind.com"]
[Date "2018.11.26"]
[Round "-"]
[White "Phillip Beckett"]
[Black "willyboy"]
[Result "0-1"]
[WhiteCountry "ENG"]
[BlackCountry "AUT"]
[WhiteElo "1514"]
[WhiteRD "53"]
[BlackElo "2179"]
[BlackRD "64"]
[GameID "435120"]

1. e4 e5 2. f4 exf4 3. Nf3 g5 4. Bc4 g4 5. O-O gxf3 6. Qxf3 Qf6 7. e5 Qxe5 8. Bxf7+ Kxf7 9. d4 Qf5 10. Bxf4 Bg7
11. Qg3 Bxd4+ 12. Kh1 Nf6 13. c3 Rg8 14. cxd4 Rxg3
0-1

[Event "Fast Kings Gambit"]
[Site "SchemingMind.com"]
[Date "2018.11.26"]
[Round "-"]
[White "willyboy"]
[Black "Phillip Beckett"]
[Result "1-0"]
[WhiteCountry "AUT"]
[BlackCountry "ENG"]
[WhiteElo "2179"]
[WhiteRD "64"]
[BlackElo "1514"]
[BlackRD "53"]
[GameID "435121"]

1. e4 e5 2. f4 Qh4+ 3. g3 Qe7 4. Nc3 c6 5. fxe5 d6 6. exd6 Qxd6 7. d4 Qb4 8. a3 Qe7 9. Bg2 Nf6 10. Nge2 Bg4
11. h3 Bxe2 12. Qxe2 Nbd7 13. e5 Nd5 14. Nxd5 cxd5 15. O-O Qe6 16. Qb5 O-O-O 17. Bxd5 Qb6 18. Qc4+ Kb8 19. Rxf7 g6 20. Kg2 Nxe5
21. Bf4 Rxd5 22. Qxd5 Qc6 23. Bxe5+ Ka8 24. Qxc6 bxc6 25. Bxh8
1-0

[Event "Fast Kings Gambit"]
[Site "SchemingMind.com"]
[Date "2018.12.01"]
[Round "-"]
[White "Phillip Beckett"]
[Black "dvoretsky"]
[Result "0-1"]
[WhiteCountry "ENG"]
[BlackCountry "ENG"]
[WhiteElo "1514"]
[WhiteRD "53"]
[BlackElo "2246"]
[BlackRD "95"]
[GameID "435366"]

1. e4 e5 2. f4 exf4 3. Nf3 g5 4. Bc4 g4 5. O-O gxf3 6. Qxf3 Qf6 7. e5 Qxe5 8. Bxf7+ Kxf7 9. d4 Qf5 10. Bxf4 Nf6
11. Qe2 Qg4 12. Qxg4 Nxg4 13. Be5+ Kg8 14. Bxh8 Ne3 15. Rf2 Bh6 16. Be5 Ng4 17. Rf3 Nc6 18. h3 d6 19. Bf4 Nxd4 20. Rg3 Bxf4
21. Rc3 Ne2+ 22. Kf1 Nxc3 23. Nxc3 Ne3+
0-1

[Event "Fast Kings Gambit"]
[Site "SchemingMind.com"]
[Date "2018.12.01"]
[Round "-"]
[White "dvoretsky"]
[Black "Phillip Beckett"]
[Result "1-0"]
[WhiteCountry "ENG"]
[BlackCountry "ENG"]
[WhiteElo "2246"]
[WhiteRD "95"]
[BlackElo "1514"]
[BlackRD "53"]
[GameID "435367"]

1. e4 e5 2. f4 Qh4+ 3. g3 Qe7 4. Nc3 exf4 5. d4 fxg3 6. hxg3 c6 7. Bh3 Nf6 8. e5 Nd5 9. Ne4 Na6 10. Nd6+ Kd8
11. Nf3 f5 12. Bg5
1-0

[Event "Fast Kings Gambit"]
[Site "SchemingMind.com"]
[Date "2018.12.01"]
[Round "-"]
[White "ray winteringham"]
[Black "dvoretsky"]
[Result "0-1"]
[WhiteCountry "ENG"]
[BlackCountry "ENG"]
[WhiteElo "1483"]
[WhiteRD "50"]
[BlackElo "2294"]
[BlackRD "84"]
[GameID "435368"]

1. e4 e5 2. f4 exf4 3. d4 Qh4+ 4. Kd2 Qf2+ 5. Qe2 Qxd4+ 6. Qd3 Qb6 7. b3 Na6 8. Bb2 Nf6 9. Nc3 Bc5 10. Nf3 Be3+
11. Ke1 Nb4 12. Qc4 Nxc2+ 13. Kd1 Nxa1 14. Ne5 O-O 15. Bxa1 c6 16. Bd3 Qa5 17. Kc2 Qxe5 18. Ne2 Qg5 19. g3 f3 20. Nc3 d5
21. Qa4 f2 22. Kb2 b5 23. Qb4 a5 24. Qd6 b4 25. Nd1 Bd4+ 26. Kb1 Qd2 27. Bxd4 Qxd3+ 28. Kc1 Qxd4 29. Qxc6 Bf5 30. exf5 Rac8
31. Qxc8 Rxc8+ 32. Kb1 Qe4+
0-1

[Event "Fast Kings Gambit"]
[Site "SchemingMind.com"]
[Date "2018.12.01"]
[Round "-"]
[White "dvoretsky"]
[Black "ray winteringham"]
[Result "1-0"]
[WhiteCountry "ENG"]
[BlackCountry "ENG"]
[WhiteElo "2246"]
[WhiteRD "95"]
[BlackElo "1463"]
[BlackRD "51"]
[GameID "435369"]

1. e4 e5 2. f4 d6 3. d3 exf4 4. Bxf4 g6 5. Nf3 Bg7 6. Nc3 Ne7 7. Qd2 Bg4 8. O-O-O O-O 9. d4 Nd7 10. h3 Bxf3
11. gxf3 Qc8 12. h4 h5 13. Kb1 a6 14. Bh3 Qd8 15. Bg5 f6 16. Bh6 Qe8 17. Rhg1 Rd8 18. Nd5 Nxd5 19. exd5 Rb8 20. Bf5 Nb6
21. Rxg6 Nxd5 22. Rxg7+ Kh8 23. Rh7+ Kg8 24. Qg2+
1-0

[Event "Fast Kings Gambit"]
[Site "SchemingMind.com"]
[Date "2018.12.01"]
[Round "-"]
[White "flyinduck"]
[Black "dvoretsky"]
[Result "0-1"]
[WhiteCountry "CAN"]
[BlackCountry "ENG"]
[WhiteElo "1985"]
[WhiteRD "56"]
[BlackElo "2294"]
[BlackRD "84"]
[GameID "435370"]

1. e4 e5 2. f4 exf4 3. Nf3 g5 4. Nc3 Nc6 5. Bc4 g4 6. O-O gxf3 7. Qxf3 Qh4 8. g3 Bc5+ 9. Kg2 Qh6 10. Qxf4 Qxf4
11. Rxf4 Nd8 12. e5 Ne6 13. Rf1 Ne7 14. Ne4 Bd4 15. Nf6+ Kf8 16. c3 Bxe5 17. d4 Bxf6 18. Rxf6 Kg7 19. Rf2 b6 20. Bd2 Bb7+
21. Kg1 h5 22. Raf1 Raf8
0-1

[Event "Fast Kings Gambit"]
[Site "SchemingMind.com"]
[Date "2018.12.01"]
[Round "-"]
[White "dvoretsky"]
[Black "flyinduck"]
[Result "1-0"]
[WhiteCountry "ENG"]
[BlackCountry "CAN"]
[WhiteElo "2343"]
[WhiteRD "81"]
[BlackElo "1997"]
[BlackRD "58"]
[GameID "435371"]

1. e4 e5 2. f4 exf4 3. Nf3 g5 4. h4 g4 5. Ne5 d6 6. Nxg4 Nf6 7. Nxf6+ Qxf6 8. Nc3 Nc6 9. Nd5 Qg6 10. d3 Qg3+
11. Kd2 Nb4 12. Qf3 Qxf3 13. gxf3 Nxd5 14. exd5 Rg8 15. Ke2 Bh6 16. Bd2 Bf5 17. Re1 Rg3 18. Kf2+ Kd7 19. a4 Re8 20. Rxe8 Kxe8
21. b4 Kd7 22. b5 b6 23. Bg2 Kd8 24. Rb1 Bh3 25. Bh1 Bf5 26. Be1 Bg7 27. Rb4 Bh6 28. Bg2 Rg8 29. Bd2 Re8 30. Bxf4 Bxf4
31. Rxf4 Bg6 32. Bh3 Re5 33. Rd4 f5 34. Rf4 Rxd5 35. d4 c5 36. bxc6 Ra5 37. c4 Rxa4 38. d5 h5 39. Bxf5 Bxf5 40. Rxf5 Rxc4
41. Rxh5 a5 42. Rh8+ Kc7 43. Rh7+ Kc8 44. h5 Rd4 45. h6 Rxd5 46. Rg7 Rh5 47. h7
1-0

[Event "Fast Kings Gambit"]
[Site "SchemingMind.com"]
[Date "2018.12.01"]
[Round "-"]
[White "dvoretsky"]
[Black "jolasebabes"]
[Result "1-0"]
[WhiteCountry "ENG"]
[BlackCountry "POR"]
[WhiteElo "2343"]
[WhiteRD "81"]
[BlackElo "2181"]
[BlackRD "75"]
[GameID "435373"]

1. e4 e5 2. f4 Bc5 3. Nf3 d6 4. c3 Bb6 5. fxe5 dxe5 6. Na3 Nf6 7. Qc2 O-O 8. Nc4 Re8 9. Be2 h6 10. a4 Nbd7
11. a5 Bc5 12. b4 Bf8 13. O-O b5 14. axb6 cxb6 15. d3 Bb7 16. Qb2 Bc6 17. Kh1 a5 18. Be3 Rb8 19. Bf2 Bb5 20. Na3 Bc6
21. b5 Ba8 22. Nc4 Nh5 23. Rad1 Nf4 24. Bg3 g5 25. d4 exd4 26. Nxd4 Bxe4 27. Bxf4 gxf4 28. Rxf4 Qc7 29. Rdf1 Bg6 30. Nc6 Rb7
31. Rg4 Bg7 32. Bf3 Nc5 33. Qd2 h5 34. Rg5 Bd3 35. Nd4 Bg6 36. Bxb7
1-0

[Event "Fast Kings Gambit"]
[Site "SchemingMind.com"]
[Date "2018.12.01"]
[Round "-"]
[White "willyboy"]
[Black "dvoretsky"]
[Result "0-1"]
[WhiteCountry "AUT"]
[BlackCountry "ENG"]
[WhiteElo "2190"]
[WhiteRD "69"]
[BlackElo "2343"]
[BlackRD "81"]
[GameID "435374"]

1. e4 e5 2. f4 exf4 3. Nf3 g5 4. h4 g4 5. Ne5 Nf6 6. Bc4 d5 7. exd5 Bd6 8. d4 Nh5 9. O-O O-O 10. Nxg4 Qxh4
11. Ne5 Nd7 12. Nf3 Qf6 13. Nc3 Ng3 14. Bd3 Qh6 15. Ne4 Nxe4 16. Bxe4 Nf6 17. Qd3 Nh5 18. Nh4 Kh8 19. Nf5 Bxf5 20. Bxf5 Rg8
21. Bh3 Rg3 22. Rf3 Rag8 23. Bd2 Rxf3 24. Qxf3 Rg3
0-1

[Event "Fast Kings Gambit"]
[Site "SchemingMind.com"]
[Date "2018.12.01"]
[Round "-"]
[White "dvoretsky"]
[Black "willyboy"]
[Result "1/2-1/2"]
[WhiteCountry "ENG"]
[BlackCountry "AUT"]
[WhiteElo "2294"]
[WhiteRD "84"]
[BlackElo "2189"]
[BlackRD "67"]
[GameID "435375"]

1. e4 e5 2. f4 exf4 3. Nf3 g5 4. h4 g4 5. Ne5 Nf6 6. Nxg4 Nxe4 7. d3 Ng3 8. Bxf4 Qe7+ 9. Be2 Qb4+ 10. Qd2 Qxd2+
11. Nxd2 Nxh1 12. Nf6+ Kd8 13. Nd5 Na6 14. Bg5+ Ke8 15. O-O-O d6 16. Nf6+ Kd8 17. Nd5+ Ke8 18. Nf6+ Kd8 19. Nd5+ Ke8
1/2-1/2

[Event "Fast Kings Gambit"]
[Site "SchemingMind.com"]
[Date "2018.12.02"]
[Round "-"]
[White "Greg Magne"]
[Black "Phillip Beckett"]
[Result "1-0"]
[WhiteCountry "CAN"]
[BlackCountry "ENG"]
[WhiteElo "1778"]
[WhiteRD "76"]
[BlackElo "1514"]
[BlackRD "53"]
[GameID "435442"]

1. e4 e5 2. f4 Qh4+ 3. g3 Qe7 4. Nc3 exf4 5. Nf3 fxg3 6. hxg3 d5 7. Nxd5 Qxe4+ 8. Ne3 Bg4 9. Bg2 Nc6 10. Kf2 Bc5
11. c3 Bxe3+ 12. dxe3 Ne5 13. Rh4 Nxf3 14. Rxg4 Qxg4 15. Bxf3 Qd7 16. Qh1 c6 17. e4 O-O-O 18. Bf4 Nf6 19. Rd1 Qe6 20. e5 Nd5
21. Qh4 Nxf4 22. gxf4 Rxd1 23. Bg4 f5 24. exf6 Qxg4 25. Qxg4+
1-0

[Event "Fast Kings Gambit"]
[Site "SchemingMind.com"]
[Date "2018.12.02"]
[Round "-"]
[White "Phillip Beckett"]
[Black "Greg Magne"]
[Result "0-1"]
[WhiteCountry "ENG"]
[BlackCountry "CAN"]
[WhiteElo "1514"]
[WhiteRD "53"]
[BlackElo "1778"]
[BlackRD "76"]
[GameID "435443"]

1. e4 e5 2. f4 d5 3. exd5 e4 4. Nc3 Nf6 5. Bb5+ Bd7 6. Bxd7+ Nbxd7 7. Nge2 Nb6 8. O-O Nbxd5 9. Nxd5 Qxd5 10. Nc3 Bc5+
11. Kh1 Qc6 12. Qe2 O-O-O 13. d3 exd3 14. cxd3 Rhe8 15. Qf3 Qxf3 16. gxf3 Rxd3 17. Ne4 Be7 18. b3 Nd5 19. Bb2 Nxf4 20. Rad1 Red8
21. Nc3 Bb4 22. Rxd3 Rxd3 23. Rd1 Bxc3 24. Rxd3 Bxb2 25. Rd2 Bf6 26. Kg1 Bd4+ 27. Rxd4 Ne2+
0-1

[Event "Fast Kings Gambit"]
[Site "SchemingMind.com"]
[Date "2018.12.02"]
[Round "-"]
[White "Greg Magne"]
[Black "ray winteringham"]
[Result "1-0"]
[WhiteCountry "CAN"]
[BlackCountry "ENG"]
[WhiteElo "1778"]
[WhiteRD "76"]
[BlackElo "1463"]
[BlackRD "51"]
[GameID "435444"]

1. e4 e5 2. f4 exf4 3. Bc4 Qh4+ 4. Kf1 Bc5 5. d4 Bb6 6. Nf3 Qd8 7. Bxf4 Ne7 8. Nbd2 h6 9. Ne5 O-O 10. Ndf3 d6
11. Nd3 Bg4 12. c3 Nd7 13. Qe1 Kh8 14. Qg3 Bxf3 15. gxf3 Ng6 16. Rg1 f6 17. Qxg6 Qe7 18. Rg3 Rf7 19. Bxf7
1-0

[Event "Fast Kings Gambit"]
[Site "SchemingMind.com"]
[Date "2018.12.02"]
[Round "-"]
[White "ray winteringham"]
[Black "Greg Magne"]
[Result "0-1"]
[WhiteCountry "ENG"]
[BlackCountry "CAN"]
[WhiteElo "1463"]
[WhiteRD "51"]
[BlackElo "1778"]
[BlackRD "76"]
[GameID "435445"]

1. e4 e5 2. f4 exf4 3. Nf3 d6 4. d3 g5 5. Bd2 g4 6. Nd4 Qh4+ 7. g3 fxg3 8. Bg2 gxh2+ 9. Ke2 g3 10. Qf1 Bg4+
11. Nf3 Nc6 12. Ke1 Bxf3 13. Qxf3 Nd4 14. Qd1 O-O-O 15. Be3 Bg7 16. Nd2 Nh6 17. Bxd4 Bxd4 18. c3 Bf2+ 19. Kf1 Ng4 20. Nf3 Ne3+
21. Ke2 Qg4 22. Qd2 Nxg2 23. Raf1 Nh4 24. Rxf2 gxf2
0-1